International Halal Certification Dialologue, 28 - 28 October 2008, KLCC, Kuala Lumpur : (Record no. 3062)
[ view plain ]
| 000 -LEADER | |
|---|---|
| fixed length control field | 01011nam a22002651u 4500 |
| 001 - CONTROL NUMBER | |
| control field | 05738 |
| 003 - CONTROL NUMBER IDENTIFIER | |
| control field | HDC |
| 007 - PHYSICAL DESCRIPTION FIXED FIELD--GENERAL INFORMATION | |
| fixed length control field | cr bn --- |
| 008 - FIXED-LENGTH DATA ELEMENTS--GENERAL INFORMATION | |
| fixed length control field | 210121p xx fo d 00 engg |
| 040 ## - CATALOGING SOURCE | |
| Original cataloging agency | HDC |
| 100 ## - MAIN ENTRY--PERSONAL NAME | |
| Personal name | YAAKOB B. CHE MAN |
| 9 (RLIN) | 2562 |
| 245 #0 - TITLE STATEMENT | |
| Title | International Halal Certification Dialologue, 28 - 28 October 2008, KLCC, Kuala Lumpur : |
| Remainder of title | ANALYSIS OF CONSUMER PRODUCTS FOR HALAL AUTHENTICATION / |
| Statement of responsibility, etc. | by YAAKOB B. CHE MAN |
| 260 ## - PUBLICATION, DISTRIBUTION, ETC. | |
| Place of publication, distribution, etc. | [No place] : |
| Name of publisher, distributor, etc. | [publisher not identified], |
| Date of publication, distribution, etc. | 2008 |
| 300 ## - PHYSICAL DESCRIPTION | |
| Extent | 55 pages : |
| Other physical details | Illustrations |
| 336 ## - CONTENT TYPE | |
| Content type term | text |
| Source | rdacontent |
| 337 ## - MEDIA TYPE | |
| Media type term | computer |
| Source | rdamedia |
| 338 ## - CARRIER TYPE | |
| Carrier type term | online resource |
| Source | rdacarrier |
| 650 ## - SUBJECT ADDED ENTRY--TOPICAL TERM | |
| Topical term or geographic name entry element | Analysis of Non-halal Components |
| 9 (RLIN) | 6045 |
| 650 ## - SUBJECT ADDED ENTRY--TOPICAL TERM | |
| Topical term or geographic name entry element | Halal Authentication |
| 9 (RLIN) | 435 |
| 650 ## - SUBJECT ADDED ENTRY--TOPICAL TERM | |
| Topical term or geographic name entry element | Halal industry |
| 9 (RLIN) | 144 |
| 856 ## - ELECTRONIC LOCATION AND ACCESS | |
| Public note | Request full-text at [email protected] |
| 942 ## - ADDED ENTRY ELEMENTS (KOHA) | |
| Source of classification or shelving scheme | Library of Congress Classification |
| 942 ## - ADDED ENTRY ELEMENTS (KOHA) | |
| Koha item type | Slide Presentation |
| 942 ## - ADDED ENTRY ELEMENTS (KOHA) | |
| Call number prefix | SLID 000589 |
| Withdrawn status | Lost status | Source of classification or shelving scheme | Damaged status | Not for loan | Home library | Current library | Shelving location | Date acquired | Total checkouts | Full call number | Date last seen | Price effective from | Koha item type |
|---|---|---|---|---|---|---|---|---|---|---|---|---|---|
| Library of Congress Classification | Halal Development Corporation Library | Halal Development Corporation Library | Open Shelves | 24/05/2023 | SLID 000589 | 24/05/2023 | 24/05/2023 | Slide Presentation |
